[Event "Frederikssund DSU 100 years G"]
[Site "Frederikssund"]
[Date "2003.02.09"]
[Round "4"]
[White "Madsen, Ejvin"]
[Black "Vingaard, Lars"]
[Result "1-0"]
[WhiteElo "1217"]
[BlackElo "1200"]
[PlyCount "63"]
[EventDate "2003.02.07"]
[EventType "tourn"]
[EventRounds "5"]
[EventCountry "DEN"]
[SourceTitle "EXT 2023"]
[Source "ChessBase"]
[SourceDate "2022.10.05"]
[SourceVersion "1"]
[SourceVersionDate "2022.10.05"]
[SourceQuality "1"]

1. e4 e6 2. d4 c5 3. c3 cxd4 4. cxd4 g6 5. Nf3 Bg7 6. Nc3 Ne7 7. Bc4 0-0 8. 0-0 d5 9. Bd3 Nbc6 10. Be3 Re8 11. e5 a6 12. a3 Qb6 13. Qd2 Bd7 14. Na4 Qd8 15. Nc5 Bc8 16. b4 b6 17. Nb3 a5 18. b5 Na7 19. a4 Nf5 20. Bxf5 exf5 21. Rfe1 Be6 22. Rac1 Bf8 23. Re2 Bb4 24. Qa2 f6 25. exf6 Qxf6 26. Bg5 Qf8 27. Ne5 f4 28. f3 Qf5 29. h4 Kg7 30. Rc7+ Kg8 31. Ng4 Rf8 32. Nh6+ 1-0

[Event "Frederikssund DSU 100 years G"]
[Site "Frederikssund"]
[Date "2003.02.08"]
[Round "3"]
[White "Pedersen, Christopher RNH"]
[Black "Vingaard, Lars"]
[Result "1-0"]
[WhiteElo "1200"]
[BlackElo "1200"]
[PlyCount "79"]
[EventDate "2003.02.07"]
[EventType "tourn"]
[EventRounds "5"]
[EventCountry "DEN"]
[SourceTitle "EXT 2023"]
[Source "ChessBase"]
[SourceDate "2022.10.05"]
[SourceVersion "1"]
[SourceVersionDate "2022.10.05"]
[SourceQuality "1"]

1. e4 e5 2. Nf3 Nc6 3. d4 exd4 4. Nxd4 Nxd4 5. Qxd4 d6 6. Nc3 Bd7 7. Bc4 Nf6 8. Bd2 Be7 9. 0-0-0 c5 10. Qd3 0-0 11. Rde1 a6 12. Nd5 b5 13. Nxe7+ Qxe7 14. Bd5 Rab8 15. f4 Rfc8 16. e5 Nxd5 17. Qxd5 dxe5 18. Rxe5 Be6 19. Qf3 Qf6 20. Rhe1 g6 21. g4 Bd7 22. g5 Qb6 23. h4 b4 24. h5 Re8 25. Rxe8+ Bxe8 26. h6 Qd6 27. f5 Bc6 28. Bf4 Bxf3 29. Bxd6 Rd8 30. f6 Bd5 31. Bxc5 a5 32. Bb6 Rc8 33. Bxa5 b3 34. axb3 Bxb3 35. c3 Ra8 36. Kd2 Be6 37. b4 Ra6 38. Re4 Kf8 39. Rd4 Ra8 40. Rd8+ 1-0

[Event "Frederikssund DSU 100 years G"]
[Site "Frederikssund"]
[Date "2003.02.08"]
[Round "2"]
[White "Vingaard, Lars"]
[Black "Brorsen, Jacob Abildlund"]
[Result "0-1"]
[WhiteElo "1200"]
[BlackElo "1000"]
[PlyCount "102"]
[EventDate "2003.02.07"]
[EventType "tourn"]
[EventRounds "5"]
[EventCountry "DEN"]
[SourceTitle "EXT 2023"]
[Source "ChessBase"]
[SourceDate "2022.10.05"]
[SourceVersion "1"]
[SourceVersionDate "2022.10.05"]
[SourceQuality "1"]

1. Nf3 d5 2. c3 Bf5 3. Qb3 b6 4. e3 Nf6 5. Be2 e6 6. Ne5 Bd6 7. d4 0-0 8. Nd2 Nbd7 9. Nc6 Qe8 10. Nf3 e5 11. dxe5 Nxe5 12. Nfxe5 Bxe5 13. Bb5 Bd7 14. Nxe5 Bxb5 15. Nf3 Bc4 16. Qd1 c5 17. b3 Ba6 18. Nd2 Qc6 19. c4 dxc4 20. bxc4 Qxg2 21. Rf1 Rad8 22. Qa4 Bb7 23. Bb2 Ne4 24. Nxe4 Qxe4 25. Rd1 Rxd1+ 26. Qxd1 Qxc4 27. Rg1 f6 28. a3 Be4 29. Qd7 Qf7 30. Qg4 Bg6 31. Qe2 Rd8 32. f3 Qa2 33. Kf2 Qd5 34. Bc3 Qb3 35. Bb2 Qc2 36. Qxc2 Bxc2 37. Bxf6 Rd2+ 38. Ke1 Rd1+ 39. Kf2 Rxg1 40. Kxg1 gxf6 41. Kf2 Kf7 42. e4 Ke6 43. Ke3 Ke5 44. f4+ Ke6 45. h4 f5 46. e5 Kd5 47. h5 h6 48. Kd2 Ba4 49. Kc3 Ke4 50. Kc4 Kxf4 51. e6 Ke5 0-1